Statistics for AS Roma - 2013/4 shirt numbers

Click here to take the quiz!

General Stats

  • This quiz has been taken 98 times
  • The average score is 11 of 20

Answer Stats

GiocatoreNumero% Correct
Miralem Pjanić15
88%
Francesco Totti10
83%
Dodô3
77%
Daniele De Rossi16
73%
Alessandro Florenzi24
69%
Kevin Strootman6
69%
Mehdi Benatia17
67%
Maicon13
60%
Rodrigo Taddei11
59%
Radja Nainggolan44
59%
Gervinho27
55%
Leandro Castán5
54%
Mattia Destro22
46%
Michel Bastos20
45%
Morgan De Sanctis26
42%
Federico Balzaretti42
40%
Vasilis Torosidis35
31%
Simone Battaglia97
18%
Alessio Romagnoli46
15%
Federico Ricci94
14%

Score Distribution

Percentile by Number Answered

Percent of People with Each Score

Your Score History

You have not taken this quiz